00603nam a2200109Ia 4500008004100000245003900041300024300080650000900323856007000332999001900402952007200421170517s9999 xx 000 0 und d aChopin: The Women Behind the Music aDocumentary about the life of the great pianist and composer Chopin and the story of the women whose voices inspired his music. It is undeniable that Chopin revolutionized the nature of music composed for the piano both technically and... xArt. uhttp://topdocumentaryfilms.com/chopin-the-women-behind-the-music/ c333121d333121 001040aCLbCLd2017-05-17l0r2017-05-17 00:00:00w2017-05-17yDF